000 00797cam a22002411 4500
001 3594858
003 ARRUPE
005 20150130104416.0
008 690203s1968 nyu b 000 0 eng
010 _a 68029930
040 _aDLC
_cDLC
_dDLC
050 0 0 _aQ175
_b.B7914
082 0 0 _a501
100 1 _aBrody, Baruch A.,
_ecomp.
_913953
245 1 0 _aScience: men, methods, goals:
_ba reader: methods of physical science.
_cEdited by Boruch A. Brody [and] Nicholas Capaldi.
260 _aNew York,
_bW. A. Benjamin,
_c1968.
300 _aviii, 343 p.
_c24 cm.
504 _aBibliography: p. 341-343.
650 0 _aPhysical sciences
_xPhilosophy.
_911381
700 1 _aCapaldi, Nicholas,
_ejoint comp.
_913954
906 _a7
_bcbc
_corignew
_du
_encip
_f19
_gy-gencatlg
942 _2lcc
_cMONOGRAPH
999 _c121667
_d121667